000 00549nam a22001817a 4500
003 URS
005 20251105104546.0
008 251105b |||||||| |||| 00| 0 eng d
040 _cURS
100 _aGoldman, Loren
_eauthor
245 _aAmerican political thought:
_b An invitation /
_cLoren Goldman
300 _apages 780-782
336 _2rdacontent
_atext
_btxt
337 _2rdamedia
_aunmediated
_bn
338 _2rdacarrier
_avolume
_bnc
773 0 _07583
_993158
_oPIL-00323195.137.4
_tPolitical science quarterly:
_x00323195
942 _2ddc
_cCR
999 _c88670
_d88667